| Tag |
First Indicator |
Second Indicator |
Subfields |
| LEADER |
00000cam a2200000 i 4500 |
| 001 |
in00000015757 |
| 005 |
20151007052608.0 |
| 008 |
800205s1978 mx a b 00010 eng d |
| 035 |
|
|
|a (OCoLC)05952745
|
| 035 |
|
|
|9 AAA8436AM
|
| 040 |
|
|
|a CSJ
|c CSJ
|d m.c.
|d TXA
|d UtOrBLW
|
| 041 |
0 |
|
|a eng
|a spa
|
| 049 |
|
|
|a TXAM
|c [A11490011]
|
| 050 |
|
4 |
|a ML482
|b .M33 1978
|
| 100 |
1 |
|
|a Martí, Samuel.
|
| 245 |
1 |
0 |
|a Music before Columbus =
|b Música precolombina /
|c Samuel Martí.
|
| 246 |
3 |
1 |
|a Música precolombina
|
| 250 |
|
|
|a 2d ed., corrected and amplified by Gunhild Nilsson.
|
| 264 |
|
1 |
|a México :
|b Ediciones Euroamericanas,
|c [1978]
|
| 264 |
|
4 |
|c ©1978
|
| 300 |
|
|
|a 95 pages :
|b illustrations ;
|c 23 cm.
|
| 336 |
|
|
|a text
|b txt
|2 rdacontent
|
| 337 |
|
|
|a unmediated
|b n
|2 rdamedia
|
| 338 |
|
|
|a volume
|b nc
|2 rdacarrier
|
| 490 |
1 |
|
|a Biblioteca interamericana bilingue ;
|v 2
|
| 500 |
|
|
|a Parallel text in English and Spanish.
|
| 500 |
|
|
|a First edition published in 1971 under title: La música precortesiana.
|
| 504 |
|
|
|a Bibliography: pages 94-95.
|
| 650 |
|
0 |
|a Indians of Mexico
|v Music.
|
| 650 |
|
0 |
|a Musical instruments, Mexican.
|
| 650 |
|
0 |
|a Musical instruments, Primitive.
|
| 740 |
0 |
|
|a Música precolombina.
|
| 700 |
1 |
|
|a Nilsson, Gunhild.
|
| 830 |
|
0 |
|a Biblioteca interamericana bilingüe ;
|v 2.
|
| 999 |
|
|
|a MARS
|
| 999 |
f |
f |
|s 36e1227d-f2ce-3c31-9d45-27b4216b3a08
|i 66f31c41-b982-30d6-95e9-3cda9e68d4a9
|t 0
|
| 952 |
f |
f |
|p ric
|a Texas A&M University
|b Rellis Campus
|c Joint Library Facility
|d Remote Storage
|t 0
|e ML482 .M33 1978
|h Library of Congress classification
|i unmediated -- volume
|m A14811490011
|
| 998 |
f |
f |
|a ML482 .M33 1978
|t 0
|l Remote Storage
|